| 000 | 00418nam a2200169Ia 4500 | ||
|---|---|---|---|
| 008 | 170705s9999 xx 000 0 und d | ||
| 020 | _a9780920668368 | ||
| 245 | _aLove you forever / | ||
| 245 | _cRobert Munsch ; illustrated by Sheila McGraw. | ||
| 260 | _aNew York : | ||
| 260 | _bScholastic, | ||
| 260 | _c2006 | ||
| 300 | _aunpaged : | ||
| 300 | _bcolor illustration ; | ||
| 300 | _c21cm. | ||
| 500 | _a780 | ||
| 999 |
_c336293 _d336293 |
||